00614nam a2200193Ia 4500008004100000020001300041082001400054100002400068245003200092250000800124260003500132300002900167500001900196600003300215650001600248942000700264952013400271999001500405240925s9999 xx 000 0 und d a70549001 a519.5 SAN aSanders ,Donald H. 0aStatistics: a first course  a5th aNew York:bMcGraw-Hillc,1995. axiv,1084p.bNafOriginal aIncludes Index aHumanities & Natural Science aMathematics cBK 001040708HUMaUITUbUITUd1997-01-22eParamount Book Pvt Ltdg869.00l0o519.5 SANpQ0912r2024-09-25 07:12:15w2024-09-25yBK c3411d3411